[Rezension von: Ebbinghaus, Julius, Gesammelte Schriften Bd. 1: Sittlichkeit und Recht, Praktische Philosophie 1929-1954. (Aachener Abhandlungen zur Philosophie, Bd. 5)]

Saved in:  
Bibliographic Details
Main Author: RB (Author)
Format: Electronic Review
Language:German
Check availability: HBZ Gateway
Interlibrary Loan:Interlibrary Loan for the Fachinformationsdienste (Specialized Information Services in Germany)
Published: 1987
In: Philosophische Rundschau
Year: 1987, Volume: 34, Issue: 3/4, Pages: 340
Further subjects:B Book review
Online Access: Volltext (lizenzpflichtig)

MARC

LEADER 00000caa a22000002c 4500
001 1784791784
003 DE-627
005 20220114141355.0
007 cr uuu---uuuuu
008 220105s1987 xx |||||oo 00| ||ger c
035 |a (DE-627)1784791784 
035 |a (DE-599)KXP1784791784 
040 |a DE-627  |b ger  |c DE-627  |e rda 
041 |a ger 
084 |a 0  |a 1  |2 ssgn 
100 0 |a RB  |e VerfasserIn  |4 aut 
245 1 0 |a [Rezension von: Ebbinghaus, Julius, Gesammelte Schriften Bd. 1: Sittlichkeit und Recht, Praktische Philosophie 1929-1954. (Aachener Abhandlungen zur Philosophie, Bd. 5)] 
264 1 |c 1987 
336 |a Text  |b txt  |2 rdacontent 
337 |a Computermedien  |b c  |2 rdamedia 
338 |a Online-Ressource  |b cr  |2 rdacarrier 
601 |a Rezension 
601 |a Schrift 
601 |a Sittlichkeit 
601 |a Philosophie 
655 7 |a Rezension  |0 (DE-588)4049712-4  |0 (DE-627)106186019  |0 (DE-576)209083166  |2 gnd-content 
773 0 8 |i Enthalten in  |t Philosophische Rundschau  |d Tübingen : Mohr Siebeck, 1953  |g 34(1987), 3/4, Seite 340  |h Online-Ressource  |w (DE-627)55757630X  |w (DE-600)2405336-3  |w (DE-576)27773407X  |x 1868-7261  |7 nnas 
773 1 8 |g volume:34  |g year:1987  |g number:3/4  |g pages:340 
856 4 0 |u https://www.jstor.org/stable/42571823  |x Verlag  |z lizenzpflichtig  |3 Volltext  |7 1 
935 |a mteo 
951 |a AR 
ELC |a 1 
ITA |a 1  |t 1 
LOK |0 000 xxxxxcx a22 zn 4500 
LOK |0 001 4030096123 
LOK |0 003 DE-627 
LOK |0 004 1784791784 
LOK |0 005 20220105044248 
LOK |0 008 220105||||||||||||||||ger||||||| 
LOK |0 035   |a (DE-Tue135)IxTheo#2021-12-28#DCA55F43F7CC0FEAC122678D8BDF6310F9075DB7 
LOK |0 040   |a DE-Tue135  |c DE-627  |d DE-Tue135 
LOK |0 092   |o n 
LOK |0 852   |a DE-Tue135 
LOK |0 852 1  |9 00 
LOK |0 935   |a ixzs  |a ixrk  |a zota 
LOK |0 939   |a 05-01-22  |b l01 
ORI |a SA-MARC-ixtheoa001.raw 
REL |a 1 
SUB |a REL